| 000 | 00721nam a2200217 i 4500 | ||
|---|---|---|---|
| 001 | 82362 | ||
| 003 | ES-MaACL | ||
| 005 | 20230906174648.0 | ||
| 007 | t| | ||
| 008 | 041110s1945 sp ||||1| spa d | ||
| 100 | 1 |
_aYbarra y Bergé, Javier de. _964964 |
|
| 245 | 1 | 0 |
_aDe California a Alaska _b: historia de un descubrimiento / _cpor Javier de Ybarra y Berge. |
| 260 |
_aMadrid : _b[s.n.], _c1945 ( _fUguina) |
||
| 300 |
_a188 p. ; _c19 cm. |
||
| 490 | 1 | _aEspaña ante el mundo | |
| 500 | _aPrecede al tít.: Instituto de Estudios Políticos. | ||
| 710 | 2 |
_aInstituto de Estudios Políticos (Madrid) _94924 |
|
| 830 | 0 |
_aEspaña ante el mundo _9182252 |
|
| 852 |
_aES-MaACL _jC-4881 _bR.25098 |
||
| 999 |
_c82362 _d82362 |
||